[Event "Xtracon Chess Open 2016"]
[Site "Elsinore"]
[Date "2016.07.27"]
[Round "6.71"]
[White "Thomsen, Kim R"]
[Black "Schultz Pedersen, Jesper"]
[Result "0-1"]
[WhiteElo "1966"]
[BlackElo "2121"]
[PlyCount "41"]
[EventDate "2016.07.23"]

1. d4 d5 2. c4 e5 3. dxe5 d4 4. Nf3 Nc6 5. g3 Bc5 6. a3 a5 7. Bg2 Nge7 8. Nbd2
O-O 9. Ne4 Ba7 10. Bf4 Ng6 11. Bg5 Qe8 12. b4 f6 13. Bd2 Bf5 14. Qc2 Rd8 15. c5
Ncxe5 16. Nxe5 Qxe5 17. Qc4+ Kh8 18. f4 Qe8 19. Nf2 Bd7 20. Bxb7 Bb5 21. Bc6
0-1

[Event "Xtracon Chess Open 2016"]
[Site "Elsinore"]
[Date "2016.07.27"]
[Round "6.72"]
[White "Hofmann, Rares"]
[Black "Andersen, Per O"]
[Result "1-0"]
[WhiteElo "2118"]
[BlackElo "1962"]
[PlyCount "73"]
[EventDate "2016.07.23"]

1. e4 d5 2. exd5 Nf6 3. d4 Bg4 4. Bb5+ Nbd7 5. Be2 Bxe2 6. Qxe2 Nb6 7. c4 c6 8.
d6 c5 9. dxc5 Nbd7 10. Be3 Qa5+ 11. Nc3 Nxc5 12. Nf3 e6 13. O-O a6 14. Rab1
Ncd7 15. b4 Qh5 16. c5 g5 17. Nxg5 Qg6 18. f4 h6 19. Nf3 Ng4 20. Bd4 Bg7 21.
Bxg7 Qxg7 22. Nd5 O-O 23. Ne7+ Kh8 24. h3 Ngf6 25. f5 Nh5 26. Qf2 Ng3 27. Rfe1
Nxf5 28. Nxf5 exf5 29. Nh4 Ne5 30. Nxf5 Nd3 31. Qe3 Qg6 32. Qxd3 Rg8 33. Qf3
Rae8 34. Ne7 Qc2 35. Qf6+ Rg7 36. Qxh6+ Rh7 37. Ng6+ 1-0

[Event "Xtracon Chess Open 2016"]
[Site "Elsinore"]
[Date "2016.07.27"]
[Round "6.73"]
[White "Huse, Sigurd Kjelsbol"]
[Black "Laustsen, Lars"]
[Result "1/2-1/2"]
[WhiteElo "1963"]
[BlackElo "2118"]
[PlyCount "82"]
[EventDate "2016.07.23"]

1. e4 c5 2. Nf3 d6 3. Bb5+ Bd7 4. Bxd7+ Qxd7 5. O-O Nf6 6. Re1 Nc6 7. c3 e6 8.
d4 cxd4 9. cxd4 d5 10. e5 Ne4 11. a3 Be7 12. Qd3 O-O 13. Nbd2 Nxd2 14. Bxd2
Rfc8 15. Ng5 Bxg5 16. Bxg5 Ne7 17. Bxe7 Qxe7 18. Rac1 Qd7 19. Qd2 Rc4 20. b3
Rxc1 21. Rxc1 Rc8 22. Rc3 h6 23. Qc2 Rc6 24. Rxc6 Qxc6 25. Qxc6 bxc6 26. f4 g5
27. Kf2 Kg7 28. Kf3 Kg6 29. g3 Kf5 30. h3 gxf4 31. gxf4 f6 32. b4 fxe5 33. fxe5
Kg5 34. Kg3 Kh5 35. h4 a6 36. Kh3 Kg6 37. Kg4 h5+ 38. Kf4 Kh6 39. Kf3 Kg7 40.
Kf4 Kg6 41. Kg3 Kf5 1/2-1/2

[Event "Xtracon Chess Open 2016"]
[Site "Elsinore"]
[Date "2016.07.27"]
[Round "6.74"]
[White "Brorsen, Jacob Abildlund"]
[Black "Justinussen, Sigurd B"]
[Result "1-0"]
[WhiteElo "2112"]
[BlackElo "1959"]
[PlyCount "72"]
[EventDate "2016.07.23"]

1. Nf3 Nf6 2. c4 e6 3. g3 g6 4. Bg2 Bg7 5. Nc3 O-O 6. e4 d6 7. O-O e5 8. d4
Nbd7 9. d5 Nb6 10. Qd3 Nh5 11. Rb1 f5 12. b4 Nf6 13. Ng5 Qe7 14. Rb3 h6 15. Nf3
fxe4 16. Nxe4 Bf5 17. Nh4 Nbd7 18. Nxf6+ Rxf6 19. Qe2 Rf7 20. Be4 Qf6 21. Rf3
Raf8 22. Nxf5 gxf5 23. Bxf5 Kh8 24. Be4 Qe7 25. Ra3 a6 26. Bg6 Rf6 27. Bc2 R6f7
28. Qe4 Nf6 29. Qg6 e4 30. Re1 Qd7 31. Be3 Qg4 32. Qxg4 Nxg4 33. Bf4 Bd4 34.
Rxe4 Bxf2+ 35. Kg2 Bb6 36. Re6 Kg7 1-0

[Event "Xtracon Chess Open 2016"]
[Site "Elsinore"]
[Date "2016.07.27"]
[Round "6.75"]
[White "Chittka, Julius"]
[Black "Rolvag, Birk Anders"]
[Result "1-0"]
[WhiteElo "2109"]
[BlackElo "1959"]
[PlyCount "65"]
[EventDate "2016.07.23"]

1. d4 Nf6 2. c4 e6 3. Nc3 Bb4 4. f3 d5 5. a3 Bxc3+ 6. bxc3 Nbd7 7. cxd5 exd5 8.
e3 O-O 9. Bd3 Re8 10. Ne2 b6 11. Ng3 Bb7 12. O-O c5 13. Qe2 cxd4 14. cxd4 Nf8
15. Bb2 Ne6 16. Qf2 Qd7 17. Rad1 Rac8 18. Kh1 Rc7 19. e4 Nf4 20. Bb1 Rec8 21.
e5 Ne8 22. Bc1 Ne6 23. f4 Ba6 24. Rfe1 Rc4 25. Be3 g6 26. f5 Nf8 27. Bh6 Ng7
28. Qf4 Qd8 29. Rf1 R4c6 30. fxg6 R8c7 31. gxf7+ Kh8 32. Bxg7+ Kxg7 33. Qg4+
1-0

[Event "Xtracon Chess Open 2016"]
[Site "Elsinore"]
[Date "2016.07.27"]
[Round "6.76"]
[White "Hjornevik, Knut J"]
[Black "Kunz, Andre"]
[Result "0-1"]
[WhiteElo "1945"]
[BlackElo "2105"]
[PlyCount "64"]
[EventDate "2016.07.23"]

1. e4 c6 2. d4 d5 3. Nc3 dxe4 4. Bc4 Bf5 5. f3 exf3 6. Nxf3 Nf6 7. O-O e6 8.
Ng5 Bg6 9. Ne2 c5 10. c3 Bd6 11. Nf4 Bxf4 12. Bxf4 cxd4 13. Nxe6 fxe6 14. Bxe6
Bf7 15. Bxf7+ Kxf7 16. Qb3+ Kg6 17. Rf3 Qd5 18. c4 Qe4 19. Rg3+ Kf7 20. Bd2
Nbd7 21. Re1 Nc5 22. Qa3 Qc6 23. b4 Nce4 24. b5 Qc7 25. Rxe4 Nxe4 26. Qf3+ Nf6
27. Bf4 Qe7 28. Bd2 Rhe8 29. h3 Qe4 30. Rxg7+ Kxg7 31. Bh6+ Kf7 32. Qg3 Qe1+
0-1

[Event "Xtracon Chess Open 2016"]
[Site "Elsinore"]
[Date "2016.07.27"]
[Round "6.77"]
[White "Sorensen, Bernhard W"]
[Black "Hansen, Ole Foss"]
[Result "1/2-1/2"]
[WhiteElo "1655"]
[BlackElo "1871"]
[PlyCount "55"]
[EventDate "2016.07.23"]

1. d4 Nf6 2. Bf4 d6 3. e3 Bf5 4. Nf3 Nbd7 5. h3 c5 6. c3 a6 7. Nbd2 b5 8. Nh4
Be6 9. Bd3 h6 10. Bh2 Bd5 11. e4 Bb7 12. O-O cxd4 13. cxd4 Qb6 14. Nhf3 e6 15.
Rc1 Be7 16. Re1 O-O 17. Nb3 Rac8 18. Qe2 Rfe8 19. Bf4 Nf8 20. Bd2 Ba8 21. Bb4
Ng6 22. Bd2 Qb7 23. e5 dxe5 24. Bxg6 fxg6 25. Qxe5 Bf8 26. Rxc8 Qxc8 27. Rc1
Qd7 28. Qe2 1/2-1/2

[Event "Xtracon Chess Open 2016"]
[Site "Elsinore"]
[Date "2016.07.27"]
[Round "6.78"]
[White "Jacobsen, Per"]
[Black "Svane, Freja"]
[Result "1/2-1/2"]
[WhiteElo "1636"]
[BlackElo "1302"]
[PlyCount "89"]
[EventDate "2016.07.23"]

1. b3 e5 2. Bb2 Nc6 3. e3 d5 4. Nf3 Bg4 5. Be2 e4 6. Nd4 Bxe2 7. Qxe2 Qd7 8. a3
Nf6 9. O-O Bc5 10. Nxc6 Qxc6 11. d4 Bd6 12. c4 Qb6 13. c5 Qxb3 14. cxd6 cxd6
15. Nc3 O-O 16. Nb5 Rac8 17. Rac1 Rc6 18. Rxc6 bxc6 19. Nxd6 Rb8 20. Rb1 Qa2
21. Qc2 g6 22. h3 Kf8 23. a4 Ke7 24. Kh2 Nd7 25. Nxe4 dxe4 26. Qxe4+ Qe6 27.
Qf4 Rb6 28. Ba3+ c5 29. Rxb6 axb6 30. dxc5 bxc5 31. Qg5+ Ke8 32. Qh6 Qe5+ 33.
Qf4 Qxf4+ 34. exf4 c4 35. a5 c3 36. Kg3 c2 37. Bc1 Nc5 38. Kf3 Kd7 39. Ke2 Nb3
40. Kd3 Nxc1+ 41. Kxc2 Ne2 42. a6 Kc7 43. g3 Nd4+ 44. Kd3 Ne6 45. Ke4 1/2-1/2

[Event "Xtracon Chess Open 2016"]
[Site "Elsinore"]
[Date "2016.07.27"]
[Round "6.79"]
[White "Holm, Ragnar"]
[Black "Rasmussen, Lars"]
[Result "1/2-1/2"]
[WhiteElo "2104"]
[BlackElo "1956"]
[PlyCount "21"]
[EventDate "2016.07.23"]

1. d4 d5 2. c4 c6 3. Nf3 Nf6 4. Nc3 dxc4 5. a4 Bf5 6. e3 e6 7. Bxc4 Bb4 8. O-O
Nbd7 9. Qe2 Bg6 10. h3 O-O 11. Rd1 1/2-1/2

[Event "Xtracon Chess Open 2016"]
[Site "Elsinore"]
[Date "2016.07.27"]
[Round "6.80"]
[White "Kreken, Eivind Grunt"]
[Black "Hviid, Hans Henrik"]
[Result "1-0"]
[WhiteElo "1245"]
[BlackElo "1367"]
[PlyCount "57"]
[EventDate "2016.07.23"]

1. e4 d6 2. d4 c5 3. dxc5 Qa5+ 4. Nc3 Qxc5 5. Be3 Qa5 6. Nf3 Nf6 7. Qd2 Nc6 8.
Be2 g6 9. O-O Bg7 10. h3 O-O 11. Qc1 e6 12. Rd1 d5 13. Bd3 Nxe4 14. Bxe4 dxe4
15. Nxe4 Qb4 16. Bc5 Qxe4 17. Bxf8 Bxf8 18. Qd2 Kg7 19. Qc3+ e5 20. Re1 Qf5 21.
a3 f6 22. Rad1 Bd7 23. Qb3 Na5 24. Qc3 b6 25. Qc7 Rc8 26. Rxd7+ Qxd7 27. Qxd7+
Kh6 28. Qxc8 Bc5 29. b4 1-0

[Event "Xtracon Chess Open 2016"]
[Site "Elsinore"]
[Date "2016.07.27"]
[Round "6.81"]
[White "Nielsen, Carsten Juul"]
[Black "Nielsen, Thomas Bach"]
[Result "0-1"]
[WhiteElo "1939"]
[BlackElo "2103"]
[PlyCount "42"]
[EventDate "2016.07.23"]

1. d4 f5 2. c4 Nf6 3. Nc3 d6 4. g3 g6 5. Bg2 Bg7 6. Nh3 O-O 7. Nf4 c6 8. d5 Qa5
9. Bd2 Qa6 10. Rc1 c5 11. Nb5 Qb6 12. a4 a6 13. a5 Qd8 14. Na3 Ne4 15. Rb1 Nxd2
16. Qxd2 g5 17. Ne6 Bxe6 18. dxe6 Nc6 19. Nc2 Qxa5 20. b4 cxb4 21. O-O b3 0-1

[Event "Xtracon Chess Open 2016"]
[Site "Elsinore"]
[Date "2016.07.27"]
[Round "6.82"]
[White "Andreassen, Mikkel"]
[Black "Machlik, Endre"]
[Result "0-1"]
[WhiteElo "1937"]
[BlackElo "2091"]
[PlyCount "60"]
[EventDate "2016.07.23"]

1. d4 Nf6 2. c4 e6 3. g3 Bb4+ 4. Bd2 a5 5. Bg2 O-O 6. Nf3 d5 7. O-O Nbd7 8. Bf4
dxc4 9. Qc2 Nd5 10. Qxc4 Nxf4 11. gxf4 Nb6 12. Qc2 Nd5 13. e3 Bd6 14. Nbd2 b6
15. a3 Bb7 16. Nc4 f5 17. Nce5 Rf6 18. Rfd1 Qe8 19. Rac1 Qh5 20. Rd2 Bxe5 21.
dxe5 Rg6 22. Ne1 Nxf4 23. exf4 Rxg2+ 24. Nxg2 Qf3 25. Kf1 Qxg2+ 26. Ke2 Qg4+
27. Kf1 Ba6+ 28. Re2 Rd8 29. Rce1 Qf3 30. Kg1 Bb7 0-1

[Event "Xtracon Chess Open 2016"]
[Site "Elsinore"]
[Date "2016.07.27"]
[Round "6.83"]
[White "Machlik, Edit"]
[Black "Bluebaum, Johanna"]
[Result "1-0"]
[WhiteElo "2090"]
[BlackElo "1939"]
[PlyCount "59"]
[EventDate "2016.07.23"]

1. d4 Nf6 2. c4 e6 3. Nc3 Bb4 4. Qc2 d5 5. a3 Bxc3+ 6. Qxc3 c5 7. dxc5 d4 8.
Qg3 O-O 9. Bh6 Ne8 10. O-O-O Nc6 11. e3 e5 12. Nf3 f6 13. exd4 exd4 14. Be3 Qe7
15. Nxd4 Ne5 16. Be2 Bd7 17. Rhe1 Nc7 18. f4 Nc6 19. Nxc6 Bxc6 20. Bf3 Bxf3 21.
Qxf3 Qf7 22. Qe4 Rfe8 23. Qd3 Ne6 24. f5 Nc7 25. Bf4 Na6 26. b4 g5 27. fxg6
hxg6 28. Qd5 Rxe1 29. Rxe1 g5 30. Bd6 1-0

[Event "Xtracon Chess Open 2016"]
[Site "Elsinore"]
[Date "2016.07.27"]
[Round "6.84"]
[White "Marthedal, Anton Mehmet Yildiz"]
[Black "Madsen, Michael B"]
[Result "0-1"]
[WhiteElo "1891"]
[BlackElo "2089"]
[PlyCount "54"]
[EventDate "2016.07.23"]

1. d4 Nf6 2. Nf3 e6 3. Bg5 c5 4. d5 exd5 5. Nc3 d4 6. Ne4 Qa5+ 7. Qd2 Qxd2+ 8.
Nexd2 Be7 9. g3 Nc6 10. O-O-O h6 11. Bxf6 Bxf6 12. Bg2 d5 13. Rhe1 Be6 14. Nb3
b6 15. e3 dxe3 16. fxe3 O-O 17. c3 a5 18. Ng1 a4 19. Na1 a3 20. Bxd5 axb2+ 21.
Kxb2 Bxd5 22. Rxd5 Nb4 23. Rd6 Be5 24. Rd7 Nxa2 25. Ne2 Nb4 26. Kb3 Nc6 27. Kc4
Bxg3 0-1

[Event "Xtracon Chess Open 2016"]
[Site "Elsinore"]
[Date "2016.07.27"]
[Round "6.85"]
[White "Nielsen, Klaus"]
[Black "Robertsen, Bjorn"]
[Result "1/2-1/2"]
[WhiteElo "2089"]
[BlackElo "1815"]
[PlyCount "66"]
[EventDate "2016.07.23"]

1. d4 d5 2. c4 c6 3. cxd5 cxd5 4. Nc3 Nc6 5. Nf3 Nf6 6. Ne5 Bd7 7. e3 e6 8. Bd3
Bd6 9. f4 O-O 10. O-O Ne8 11. Bd2 f6 12. Qh5 f5 13. Kh1 Nf6 14. Qh3 Ne4 15.
Rad1 Rf6 16. Bxe4 dxe4 17. a3 Rh6 18. Qg3 Be7 19. Qf2 g5 20. g4 gxf4 21. gxf5
Nxe5 22. dxe5 exf5 23. exf4 e3 24. Qg2+ Rg6 25. Qd5+ Kh8 26. Bxe3 Bc6 27. Qxc6
Rxc6 28. Rxd8+ Rxd8 29. Kg2 Bxa3 30. Nb5 Bc5 31. Bxc5 Rxc5 32. Nd6 Rxd6 33.
exd6 Ra5 1/2-1/2

[Event "Xtracon Chess Open 2016"]
[Site "Elsinore"]
[Date "2016.07.27"]
[Round "6.86"]
[White "Smeby, Ole"]
[Black "Holleland, Sigve"]
[Result "0-1"]
[WhiteElo "1847"]
[BlackElo "2087"]
[PlyCount "134"]
[EventDate "2016.07.23"]

1. d4 d5 2. e3 c5 3. Nf3 Nf6 4. c4 Bg4 5. cxd5 Nxd5 6. Bb5+ Nc6 7. Bxc6+ bxc6
8. Qa4 Qd6 9. Ne5 Bd7 10. Nxd7 Qxd7 11. dxc5 e5 12. e4 Nf4 13. Bxf4 exf4 14.
O-O Bxc5 15. Nd2 O-O 16. Nf3 Rab8 17. Rac1 Rb5 18. Rfd1 Qe7 19. Rc2 Rd8 20.
Rxd8+ Qxd8 21. Rd2 Qb6 22. Qc2 h6 23. b3 Bb4 24. Rd1 Rc5 25. Qd3 Rc3 26. Qd7
Rc2 27. Rf1 Qc5 28. Qe8+ Qf8 29. Qxf8+ Kxf8 30. a4 Rb2 31. Ne5 c5 32. Rd1 Rxb3
33. f3 f6 34. Ng6+ Ke8 35. Nxf4 c4 36. Nd5 Bc5+ 37. Kf1 Ra3 38. Rc1 Rxa4 39.
Nc3 Ra3 40. Nd5 Bd6 41. h3 Ra4 42. Nc3 Ra5 43. Ke2 Be5 44. Nd5 Rc5 45. f4 Bd6
46. g3 Kd7 47. Ne3 g5 48. Kf3 c3 49. Nd5 c2 50. Ne3 Rc3 51. Rxc2 Rxc2 52. Nxc2
a5 53. Kg4 Ke6 54. Nd4+ Kf7 55. Ne2 a4 56. Nc1 Kg6 57. f5+ Kf7 58. h4 Ke7 59.
hxg5 hxg5 60. Kf3 Be5 61. g4 Kd6 62. Ke2 Kc5 63. Kd3 Kb4 64. Ne2 a3 65. Nc1 Bb2
66. Kc2 Bxc1 67. Kxc1 Kc3 0-1

[Event "Xtracon Chess Open 2016"]
[Site "Elsinore"]
[Date "2016.07.27"]
[Round "6.87"]
[White "Stockhaug, Jon Arne"]
[Black "Dahl, Trygve"]
[Result "0-1"]
[WhiteElo "1901"]
[BlackElo "2233"]
[PlyCount "106"]
[EventDate "2016.07.23"]

1. e4 c5 2. Nc3 Nc6 3. g3 d6 4. Bg2 g6 5. d3 Bg7 6. Nge2 e5 7. h4 h5 8. Nd5 Be6
9. c4 Bxd5 10. cxd5 Nce7 11. Qa4+ Kf8 12. Ng1 Bh6 13. Nf3 Kg7 14. Bxh6+ Nxh6
15. Ng5 a6 16. O-O b5 17. Qc2 Qb6 18. b3 a5 19. a4 Rhb8 20. Rfb1 Rb7 21. axb5
Qxb5 22. Qc4 a4 23. Qxb5 Rxb5 24. bxa4 Rxa4 25. Rxb5 Rxa1+ 26. Bf1 Ra7 27. Rb6
Rd7 28. Bh3 Rd8 29. Rb7 Nhg8 30. Be6 Rf8 31. Bh3 Ra8 32. Rb6 Ra3 33. Rxd6 Rxd3
34. Rb6 c4 35. d6 c3 36. dxe7 Nxe7 37. Rb7 c2 38. Rc7 Rd1+ 39. Bf1 c1=Q 40.
Rxc1 Rxc1 41. Kg2 Nc6 42. Bb5 Nd4 43. Ba6 f6 44. Nf3 Nxf3 45. Kxf3 Kf7 46. Bb7
Ke7 47. Bd5 Rd1 48. Ke3 Rxd5 49. exd5 Kd6 50. f3 Kxd5 51. g4 f5 52. gxh5 gxh5
53. f4 e4 0-1

[Event "Xtracon Chess Open 2016"]
[Site "Elsinore"]
[Date "2016.07.27"]
[Round "6.88"]
[White "Muhsen, Abdulla.mohmmed"]
[Black "Kizatbay, Alseit"]
[Result "0-1"]
[WhiteElo "2227"]
[BlackElo "1945"]
[PlyCount "78"]
[EventDate "2016.07.23"]

1. d4 Nf6 2. g3 d5 3. Bg2 g6 4. Nf3 Bg7 5. c4 c6 6. O-O O-O 7. b3 Ne4 8. Bb2 b6
9. Nc3 Nxc3 10. Bxc3 Bb7 11. Qd3 Nd7 12. Rad1 Qc7 13. Rfe1 Rfd8 14. Bd2 e5 15.
cxd5 cxd5 16. dxe5 Nxe5 17. Nxe5 Qxe5 18. Bf4 Qe7 19. h4 Qa3 20. Rd2 Rac8 21.
Red1 Ba6 22. Qb1 d4 23. Be4 Re8 24. Bd3 Rc3 25. Be4 Rcc8 26. Kg2 Rc3 27. Bf3
Rcc8 28. h5 Qe7 29. hxg6 hxg6 30. g4 g5 31. Bg3 Bb7 32. Bxb7 Qxb7+ 33. f3 Rc3
34. Qf5 Rc5 35. Qb1 Rc3 36. Rf1 Rce3 37. Rf2 Qa6 38. Qc2 Qb5 39. Kf1 Qc5 0-1

[Event "Xtracon Chess Open 2016"]
[Site "Elsinore"]
[Date "2016.07.27"]
[Round "6.89"]
[White "Thybo, Thomas Sondergaard"]
[Black "Kaasen, Tor Fredrik"]
[Result "1-0"]
[WhiteElo "1886"]
[BlackElo "2219"]
[PlyCount "81"]
[EventDate "2016.07.23"]

1. e4 e6 2. d3 c5 3. Nc3 Nc6 4. g3 Nf6 5. Bg2 Be7 6. f4 d6 7. Nf3 O-O 8. O-O
Rb8 9. h3 b5 10. a3 a5 11. Be3 d5 12. e5 Nd7 13. d4 Qb6 14. Ne2 f6 15. Re1 fxe5
16. fxe5 cxd4 17. Nexd4 Bc5 18. c3 Rb7 19. Bf2 b4 20. Qa4 Ndxe5 21. Nxe5 Nxe5
22. axb4 Rxf2 23. bxc5 Qxb2 24. Re2 Bd7 25. Rxf2 Qxf2+ 26. Kxf2 Bxa4 27. Rxa4
Nd3+ 28. Ke3 Nb2 29. Ra2 Nc4+ 30. Ke2 Re7 31. Kd3 Kf8 32. h4 a4 33. Ke2 a3 34.
Nc2 Rb7 35. Nb4 Rb5 36. c6 Ke7 37. Bf1 d4 38. Kd3 Nd6 39. Kxd4 Nf5+ 40. Kc4 Re5
41. Bd3 1-0

[Event "Xtracon Chess Open 2016"]
[Site "Elsinore"]
[Date "2016.07.27"]
[Round "6.90"]
[White "Rolvag, Mikael"]
[Black "Edvardsen, Ragnar"]
[Result "1-0"]
[WhiteElo "2214"]
[BlackElo "1924"]
[PlyCount "141"]
[EventDate "2016.07.23"]

1. d4 Nf6 2. c4 g6 3. Nc3 d5 4. Nf3 Bg7 5. Bg5 Ne4 6. Bh4 Nxc3 7. bxc3 c5 8.
cxd5 Qxd5 9. e3 cxd4 10. cxd4 Nc6 11. Be2 O-O 12. O-O b6 13. Nd2 Bb7 14. Bf3
Qd7 15. Nb3 e6 16. Qd2 Rac8 17. Rab1 Ne7 18. Nc5 Rxc5 19. Bxe7 Qxe7 20. dxc5
Bxf3 21. gxf3 Qg5+ 22. Kh1 Qh5 23. Qd1 Qxc5 24. Qd3 Qh5 25. Qe4 Rc8 26. Rbc1
Rc5 27. Rxc5 Qxc5 28. Rd1 Bf8 29. Rd7 a5 30. Qf4 Qf5 31. Qxf5 gxf5 32. a4 Kg7
33. Kg2 Kg6 34. f4 Bb4 35. h3 Bf8 36. f3 Bc5 37. Kf2 e5 38. Ke2 exf4 39. exf4
Bb4 40. Kd3 Bc5 41. Kc4 Kf6 42. Kb5 Be3 43. Rd6+ Ke7 44. Rh6 Bxf4 45. Rxh7 Be3
46. Rh8 f4 47. Rh6 f6 48. Kc4 Ke6 49. Rh5 Kf7 50. Rh8 Kg7 51. Rb8 Kg6 52. Kd5
Kg5 53. Rh8 Bf2 54. Ke4 Be3 55. h4+ Kg6 56. h5+ Kg5 57. Kd5 Bd2 58. Ke6 Bc3 59.
h6 Kg6 60. h7 Be5 61. Rb8 Kxh7 62. Rxb6 Kg6 63. Rb5 Bc3 64. Rf5 Bd2 65. Rxf6+
Kg5 66. Rf7 Kg6 67. Rd7 Bb4 68. Rd1 Bc5 69. Rd2 Bb4 70. Rg2+ Kh6 71. Kf5 1-0

[Event "Xtracon Chess Open 2016"]
[Site "Elsinore"]
[Date "2016.07.27"]
[Round "6.91"]
[White "Vestby Ellingsen, Mads"]
[Black "Klitgaard, Ebbe"]
[Result "1-0"]
[WhiteElo "2126"]
[BlackElo "1914"]
[PlyCount "77"]
[EventDate "2016.07.23"]

1. e4 d5 2. exd5 Qxd5 3. Nf3 Nf6 4. d4 Bf5 5. Bd3 Bxd3 6. Qxd3 Qe4+ 7. Qxe4
Nxe4 8. Bf4 c6 9. O-O e6 10. Re1 Nf6 11. c4 Bb4 12. Re2 O-O 13. a3 Be7 14. Nc3
Rd8 15. Rd1 Bf8 16. Bg5 Nbd7 17. d5 exd5 18. cxd5 cxd5 19. Nxd5 h6 20. Bxf6
Nxf6 21. Nxf6+ gxf6 22. Red2 Rxd2 23. Rxd2 Rc8 24. Kf1 Rc7 25. Ke2 Be7 26. g4
Kg7 27. Nh4 Bc5 28. Kf3 b5 29. Rd5 b4 30. Rh5 bxa3 31. Nf5+ Kf8 32. bxa3 Bxa3
33. Rxh6 Ke8 34. Rh8+ Kd7 35. h4 a5 36. h5 Rc1 37. h6 Rh1 38. Kg2 Re1 39. h7
1-0

[Event "Xtracon Chess Open 2016"]
[Site "Elsinore"]
[Date "2016.07.27"]
[Round "6.92"]
[White "Palozza, Christian"]
[Black "Ramkilde, Mikael"]
[Result "1/2-1/2"]
[WhiteElo "2090"]
[BlackElo "1907"]
[PlyCount "143"]
[EventDate "2016.07.23"]

1. d4 f5 2. Nc3 g6 3. e4 fxe4 4. Nxe4 Bg7 5. Nf3 d6 6. Bd3 Nd7 7. O-O Ndf6 8.
Ng3 Nh6 9. Re1 Nf7 10. Qe2 e6 11. Ng5 Nxg5 12. Bxg5 O-O 13. c3 Qe8 14. h4 Bd7
15. Rad1 Qf7 16. Ne4 Rae8 17. g3 Bc6 18. Bxf6 Bxf6 19. Rd2 Bxe4 20. Bxe4 c6 21.
Bg2 e5 22. d5 c5 23. Bh3 Kh8 24. Be6 Qg7 25. Qe4 Bd8 26. Qc4 a6 27. a4 Qf6 28.
Rde2 Re7 29. Rf1 Ree8 30. b4 cxb4 31. Qxb4 Qe7 32. Rb2 b6 33. Qc4 Qb7 34. Bc8
Qc7 35. Qxc7 Bxc7 36. Bxa6 Rf3 37. Bb5 Rc8 38. Rb3 Bd8 39. Bc6 Rb8 40. Rd1 Kg7
41. Kg2 Rf8 42. a5 b5 43. a6 Bb6 44. Rd2 Ba7 45. Bxb5 Rf7 46. c4 Rbf8 47. f3 h5
48. Bc6 Kh6 49. Rdb2 Bd4 50. Rb1 Ra7 51. Bb7 Rf7 52. Rd3 Rc7 53. Rb4 Bc5 54.
Ra4 g5 55. hxg5+ Kxg5 56. Kf1 h4 57. gxh4+ Kxh4 58. Rd2 Kg3 59. Ke2 Kf4 60. Ra1
Rh7 61. Kd3 Kxf3 62. Rf1+ Kg3 63. Re2 Rh4 64. Rf8 Rf4 65. Rg8+ Kf3 66. Rgg2 e4+
67. Kc3 e3 68. Ra2 Ke4 69. Ra4 Bd4+ 70. Kc2 Bc5 71. Kc3 Bd4+ 72. Kc2 1/2-1/2

[Event "Xtracon Chess Open 2016"]
[Site "Elsinore"]
[Date "2016.07.27"]
[Round "6.93"]
[White "Kistrup, Nicolai"]
[Black "Manz, Andreas"]
[Result "1-0"]
[WhiteElo "2089"]
[BlackElo "1890"]
[PlyCount "62"]
[EventDate "2016.07.23"]

1. d4 Nf6 2. Nf3 e6 3. c4 d5 4. Bg5 h6 5. Bxf6 Qxf6 6. Nc3 c6 7. e3 Nd7 8. Bd3
dxc4 9. Bxc4 Bb4 10. O-O O-O 11. Ne4 Qe7 12. a3 Ba5 13. b4 Bc7 14. Qb3 Nb6 15.
Ne5 Nxc4 16. Qxc4 Bxe5 17. dxe5 a5 18. Qc5 Qc7 19. b5 Bd7 20. b6 Qb8 21. Rad1
Rd8 22. Qe7 Be8 23. Rxd8 Qxd8 24. Qxb7 Rb8 25. Qc7 Kf8 26. Nd6 Bd7 27. Qxd8+
Rxd8 28. b7 Rb8 29. Rc1 g5 30. Rc5 Ke7 31. Rxa5 Bc8 1-0

[Event "Xtracon Chess Open 2016"]
[Site "Elsinore"]
[Date "2016.07.27"]
[Round "6.94"]
[White "Nielsen, Jorgen Lovgren"]
[Black "Fossan, Benjamin"]
[Result "1/2-1/2"]
[WhiteElo "2085"]
[BlackElo "1873"]
[PlyCount "75"]
[EventDate "2016.07.23"]

1. e4 c5 2. Nf3 g6 3. d4 cxd4 4. Nxd4 Bg7 5. Nc3 Nc6 6. Be3 Nf6 7. Be2 O-O 8.
Nb3 d6 9. O-O b6 10. f4 Bb7 11. Bf3 Nd7 12. Qd2 Nc5 13. Rfd1 Qc8 14. Nd4 Nxd4
15. Bxd4 Bxd4+ 16. Qxd4 Ne6 17. Qd2 Qc5+ 18. Kh1 Rac8 19. Nd5 Bxd5 20. exd5 Ng7
21. c3 Rcd8 22. Re1 Rfe8 23. Re4 e6 24. Ra4 Re7 25. Re1 Rde8 26. Rae4 Kf8 27.
h3 exd5 28. Rxe7 Rxe7 29. Rxe7 Kxe7 30. Bxd5 Nf5 31. Qe1+ Qe3 32. Qxe3+ Nxe3
33. Bb3 d5 34. Kg1 Nc4 35. Bxc4 dxc4 36. Kf2 Ke6 37. Ke3 Kd5 38. Kf3 1/2-1/2

[Event "Xtracon Chess Open 2016"]
[Site "Elsinore"]
[Date "2016.07.27"]
[Round "6.95"]
[White "Molgaard, Steen"]
[Black "Nordin, Eric"]
[Result "0-1"]
[WhiteElo "2078"]
[BlackElo "1832"]
[PlyCount "66"]
[EventDate "2016.07.23"]

1. c4 c5 2. Nc3 Nc6 3. g3 g6 4. Bg2 Bg7 5. Rb1 Nf6 6. a3 O-O 7. b4 d6 8. bxc5
dxc5 9. Nf3 Bf5 10. d3 Qc8 11. O-O Bh3 12. Be3 Bxg2 13. Kxg2 b6 14. h3 Rd8 15.
Qc2 Nd4 16. Bxd4 cxd4 17. Na2 Nd7 18. Rb5 Nc5 19. a4 e5 20. a5 bxa5 21. Rxa5 f5
22. Rb1 e4 23. Ne1 Qc7 24. Rab5 a5 25. Qd2 Re8 26. f4 exd3 27. Nxd3 Qc6+ 28.
Kh2 Nxd3 29. Qxd3 Re3 30. Qc2 d3 31. Rb8+ Rxb8 32. Rxb8+ Kf7 33. exd3 Qf3 0-1

[Event "Xtracon Chess Open 2016"]
[Site "Elsinore"]
[Date "2016.07.27"]
[Round "6.96"]
[White "Stuhlmann, Alexander"]
[Black "Fossan, Andreas"]
[Result "0-1"]
[WhiteElo "1873"]
[BlackElo "2071"]
[PlyCount "96"]
[EventDate "2016.07.23"]

1. c4 c5 2. Nc3 Nc6 3. g3 g6 4. Bg2 Bg7 5. e3 d6 6. Nge2 e5 7. d3 Nge7 8. O-O
O-O 9. a3 Rb8 10. Rb1 Be6 11. h3 Qd7 12. Kh2 d5 13. b3 f5 14. e4 dxe4 15. dxe4
Nd4 16. f4 Rfd8 17. fxe5 Bxe5 18. Bf4 Nec6 19. Nd5 Qg7 20. Bxe5 Nxe5 21. Nef4
Bxd5 22. exd5 Re8 23. Ne6 Qh6 24. Rf4 Nxe6 25. dxe6 Ng4+ 26. Rxg4 fxg4 27. Qxg4
Re7 28. Rf1 Rd8 29. Bd5 Rxd5 30. cxd5 Qd2+ 31. Kg1 Qxd5 32. Qf4 Qd4+ 33. Qxd4
cxd4 34. Rd1 Rxe6 35. Rxd4 Rb6 36. Rb4 Rxb4 37. axb4 Kf7 38. Kf2 Ke6 39. Ke3
Ke5 40. Kd3 Kd5 41. Ke3 Ke5 42. Kd3 g5 43. Ke3 h5 44. Kd3 a6 45. Ke3 b6 46. h4
gxh4 47. gxh4 Kf5 48. Kf3 b5 0-1

[Event "Xtracon Chess Open 2016"]
[Site "Elsinore"]
[Date "2016.07.27"]
[Round "6.97"]
[White "Sajjadi, Kimiya"]
[Black "Skjoldager, Mikael"]
[Result "0-1"]
[WhiteElo "1860"]
[BlackElo "2054"]
[PlyCount "54"]
[EventDate "2016.07.23"]

1. d4 Nf6 2. Nf3 e6 3. c4 b6 4. g3 Be7 5. Bg2 Bb7 6. O-O O-O 7. Nc3 d5 8. Ne5
c6 9. e4 dxe4 10. Nxe4 Nxe4 11. Bxe4 Qc8 12. Qc2 f5 13. Bg2 c5 14. Bxb7 Qxb7
15. dxc5 Bxc5 16. Rd1 Nc6 17. Nd7 Nd4 18. Rxd4 Bxd4 19. Nxf8 Rxf8 20. Qb3 Qe4
21. Qd1 Rc8 22. Bf4 e5 23. Bd2 Bxb2 24. Rb1 Bd4 25. Rb4 Rd8 26. Qc1 Qe2 27. Qe1
Bxf2+ 0-1

[Event "Xtracon Chess Open 2016"]
[Site "Elsinore"]
[Date "2016.07.27"]
[Round "6.98"]
[White "Salerno, Christian"]
[Black "Andersen, Dag"]
[Result "1-0"]
[WhiteElo "2052"]
[BlackElo "1830"]
[PlyCount "79"]
[EventDate "2016.07.23"]

1. e4 e6 2. Nf3 c5 3. d4 cxd4 4. Nxd4 Nf6 5. Bd3 Nc6 6. Nxc6 bxc6 7. O-O Qc7 8.
Qe2 d6 9. c4 Be7 10. Nc3 O-O 11. Bg5 Bb7 12. Rad1 Rad8 13. Rfe1 Rfe8 14. Qc2 h6
15. Bf4 e5 16. Be3 Bc8 17. Qa4 a6 18. f3 Nd7 19. Qc2 Nc5 20. Qf2 Be6 21. b3 a5
22. Bc2 Rb8 23. Qg3 Kh8 24. f4 f6 25. f5 Bf7 26. Qh4 Kh7 27. Rf1 Rh8 28. Rf3
Kg8 29. Rg3 Kf8 30. Qg4 Rh7 31. Qe2 Nd7 32. Rd2 Rb7 33. Bf2 Qc8 34. Rgd3 Nb8
35. Qd1 Na6 36. a3 Qc7 37. Na4 c5 38. Nc3 Rb6 39. Nb5 Nb8 40. Nxc7 1-0